000
00243nam a2200097Ia 4500
008
190216s9999||||xx |||||||||||||| ||und||
100
_a
Dr.Namboodiri K B M
245
0
_a
Mathematicstersan Visleshanam
260
_b
Kerala Basha Inst
942
_c
BK
999
_c
39792
_d
39792